Estatísticas para Mónaco

Clique aqui para jogar o quiz

Estatísticas Gerais

  • Esse quiz foi jogado 4 vezes
  • A pontuação média é 3 de 16

Estatísticas das Respostas

Resposta% Correto
Praça do Cassino
100%
Casino de Monte Carlo
67%
Opéra de Monte-Carlo
67%
Café de Paris
33%
Catedral de São Nicolau
0%
Collection Privée des Voitures de S.A.S. le Prince de Monaco
0%
Fairmont Hairpin
0%
Grimaldi Forum
0%
Jardim Exótico de Mónaco
0%
Jardim Japonês do Mónaco
0%
Jardins de Saint-Martin
0%
Larvotto Beach
0%
Museu de Antropologia Pré-Histórica do Mónaco
0%
Museu Oceanográfico do Mónaco
0%
Palácio do Príncipe de Mónaco
0%
Roseraie Princesse Grace
0%

Distribuição das Pontuações

Percentil de Números Respondidos

Porcentagem de Pessoas com Cada Pontuação

Sua Pontuação Histórica

Você não jogou esse quiz